=LDR 00000nam 2200000 4500 =001 NUTBA000000000001073 =005 20140930121402.0 =006 =007 =008 =020 ##$$a 978-979-22-7177 =035 ##$$a 0010-041400000000343 =040 ##$$b Ind =090 ##$$a 813 $bTor $c m =100 ##$$a Torashyngu, Luna =245 ##$$a Mawar Merah: Matahari =260 ##$$a Jakarta $bGramedia Pustaka Utama $c2011 =300 ##$$a 377 hlm. $c21 cm. =650 ##$$a Fiksi Indonesia =850 ##$$a NBPDMAT =990 ##$$a 21101684 =990 ##$$a 93400/BPAP-NTB/2014